Trampas de luz / (Registro nro. 12938)

Detalles MARC
000 -LEADER
fixed length control field 00710nam a22002177a 4500
003 - CONTROL NUMBER IDENTIFIER
control field DO-SdBNP
005 - DATE AND TIME OF LATEST TRANSACTION
control field 20171201095144.0
008 - FIXED-LENGTH DATA ELEMENTS--GENERAL INFORMATION
fixed length control field 171117b 1992 mx A ||||| |||| 00| 0 spa d
020 ## - INTERNATIONAL STANDARD BOOK NUMBER
International Standard Book Number 9681625447
040 ## - CATALOGING SOURCE
Original cataloging agency BPMSU
Language of cataloging spa
Transcribing agency BPMSU
092 ## - LOCALLY ASSIGNED DEWEY CALL NUMBER (OCLC)
Classification number xxxx
Item number xxxx
100 1# - MAIN ENTRY--PERSONAL NAME
Personal name Ruiz Mejía, Carlos
245 10 - TITLE STATEMENT
Title Trampas de luz /
Statement of responsibility, etc. Carlos Ruiz Mejía.
260 ## - PUBLICATION, DISTRIBUTION, ETC. (IMPRINT)
Place of publication, distribution, etc. México :
Name of publisher, distributor, etc. Secretaría de Educación Pública : Consejo Nacional de Ciencia y Tecnología : Fondo de Cultura Económica,
Date of publication, distribution, etc. 1992.
300 ## - PHYSICAL DESCRIPTION
Extent 204 p. :
Other physical details il. ;
Dimensions 21 cm.
490 1# - SERIES STATEMENT
Series statement Ciencia para todos
Volume/sequential designation 27
830 #0 - SERIES ADDED ENTRY--UNIFORM TITLE
Uniform title Ciencia para todos
Volume number/sequential designation 27
942 ## - ADDED ENTRY ELEMENTS (KOHA)
Source of classification or shelving scheme Dewey Decimal Classification
Koha item type Libros
945 ## - LOCAL PROCESSING INFORMATION (OCLC)
a Iventariado 2017/ LP
956 ## - LOCAL ELECTRONIC LOCATION AND ACCESS (OCLC)
Host name LOPEREZ
Access number 10
Compression information 20171117
Existencias
Withdrawn status Lost status Source of classification or shelving scheme Damaged status Not for loan Collection code Home library Current library Date acquired Source of acquisition Total Checkouts Barcode Date last seen Price effective from Koha item type
    Dewey Decimal Classification     Colección General Biblioteca Pública Metropolitana Salomé Ureña Biblioteca Pública Metropolitana Salomé Ureña 11/17/2017 FUNDI   BPMSU17110246 11/17/2017 11/17/2017 Libros